| 000 | 01320cam a22002054a 4500 | ||
|---|---|---|---|
| 005 | 20250605164234.0 | ||
| 008 | 250528s ||||||||||||||||||||||||d | ||
| 035 | _a21086 | ||
| 020 | _a9789603442301 | ||
| 040 |
_aGR-AtMCL _bgre _dGR-AtMCL _eAACR2 |
||
| 245 | 1 | _aΗ Συναισθηματική Νοημοσύνη / Γιατί το "EQ'' είναι πιο σημαντικό από το "IQ"; | |
| 250 | _a42η | ||
| 260 |
_bΕλληνικά Γράμματα, _c1998 |
||
| 300 | _a464 | ||
| 520 | _aΈνας εντελώς καινούργιος τρόπος για να αντιμετωπίσουμε στη ρίζα τους τις αιτίες των δεινών που ταλανίζουν τις οικογένειες μας και την κοινωνία μας. Πρόλογος για την Ελληνική Έκδοση, Η Πρόκληση του Αριστοτέλη, Ο Συγκινησιακός Εγκέφαλος, Η Φύση της Συναισθηματικής Νοημοσύνης, Η Συναισθηματική Νοημοσύνη στην Πράξη, Τα Παραθυράκια των Ευκαιριών, Συναισθηματική Παιδεία, Σημειώσεις, Ευχαριστίες. | ||
| 700 | 1 |
_aGoleman David _97117 |
|
| 942 | _cBK | ||
| 999 |
_c6156 _d6156 |
||